00350nam a2200133Ia 4500008004100000020001800041040002900059050002300088100002300111245003100134260002900165942000700194999001500201230107s9999||||xx |||||||||||||| ||und|| a0-07-296472-3 cChuka University Library aHF 5821 bA74 2006 aArens, Williams F. 0aContemporary Adverstising  aMcGrawhillbBostonc2006 cBK c8270d8270